00915nam a2200241 i 450000100060000000300090000600500170001500700030003200800410003502000180007604000220009408000230011624500820013926000830022130000450030465000530034965500480040271000430045085200330049394200080052699900170053495201220055115334ES-MaACL20230906151039.0t|000215s1999 sp ||||0| spa j a84-88006-48-9 aM-BN bspa cM-BN a75.036(460)(064.3)00aEspacio pintado b: 15 abril-13 junio, 1999, Centro Cultural del Conde Duque. a[Madrid] : bConcejalía de Cultura, Educación, Juventud y Deportes,c1999. a223 p. : bprincipalmente il. ; c23 cm. 4aPintura española-yS.XX-vExposiciones.916043 72tgfbne9193628aCatálogos de exposiciones2 aCentro Cultural del Conde Duque.92579 aES-MaACLjL-22627 bR.127280 2udc c15334d15334 00104070aATENEOMbATENEOMcDEPO2d2008-01-17eSCl0oL-22627p1015591r2023-02-23 00:00:00w2023-02-23yMONOGRAFIA